000 00477nam a2200193Ia 4500
005 20240427150736.0
008 131103s9999 xx 000 0 und d
020 _a305620339
040 _aLoreto College
041 _aEnglish
082 _a371.33
_bDEV
100 _aDevitt, Margaret
245 _aLearning with Jackdaws
_cMargaret Devitt
260 _aLondon
_bJackdaw publications
_c1970
300 _a32p
650 _aEducation
850 _aLCBED
942 _cBK
999 _c26125
_d76604